00410nam a2200169Ia 450000500170000000800410001704000190005804100120007708200130008910000150010224500340011726000310015130000150018265000170019765100160021485000100023020260625115747.0131103s9999 xx 000 0 und d aLoreto College aEnglish a232bADA aAdam, Karl aChrist our brothercKarl Adam aLondonbSheed & Wardc1931 avii,209p.  aJesus christ aChristinity aLCLIB